LIBRARY & INFORMATION CENTRE, KCAET, TAVANUR

ONLINE PUBLIC ACCESS CATALOGUE (OPAC)

Question bank on agricultural and food engineering / (Record no. 2447)

MARC details
000 -LEADER
fixed length control field 00471cam a2200181ua 4500
041 ## - LANGUAGE CODE
Language code of text/sound track or separate title eng
082 ## - DEWEY DECIMAL CLASSIFICATION NUMBER
Classification number 630.1076
Item number GAR/QU
100 ## - MAIN ENTRY--AUTHOR NAME
Personal name Garg, M K .
245 ## - TITLE STATEMENT
Title Question bank on agricultural and food engineering /
260 ## - PUBLICATION, DISTRIBUTION, ETC. (IMPRINT)
Place of publication Newdelhi :
Name of publisher Relience publishers ,
Year of publication 2000.
300 ## - PHYSICAL DESCRIPTION
Number of Pages 236 ; .
700 1# - ADDED ENTRY--PERSONAL NAME
Personal name Chandra, Pitam .
942 ## - ADDED ENTRY ELEMENTS (KOHA)
Koha item type Books
Holdings
Withdrawn status Lost status Damaged status Home library Current library Date acquired Full call number Accession Number Koha item type Shelving location Source of acquisition Cost, normal purchase price Collection code
      KAUAET KAUAET 07/04/2012 630.1076 GAR/QU 20481 Books        
      KAUAET KAUAET 20/08/2016 630.1076 GAR/QU BB 290 Book Bank scheme for SC students Scheme Penta Books Distributors, Calicut. 195.00  
      KAUAET KAUAET 20/08/2016 630 GAR/QU BB 291 Book Bank scheme for SC students Scheme Penta Books Distributors, Calicut. 195.00  
      KAUAET KAUAET 10/01/2023 630.1076 GAR/QU 20482 Books General Stacks     General Books
free website counter